The poetry of Michelangelo /

Bibliographic Details
Main Author: Clements, Robert J. (Robert John), 1912-1993
Format: Book
Language:English
Published: [New York] : New York University Press, 1965.
Subjects:

MARC

Tag First Indicator Second Indicator Subfields
LEADER 00000cam a2200000 4500
001 in00000035990
005 20151007063601.0
008 740117s1965 nyuah b 00010 eng u
010 |a  65019514  
035 |a (OCoLC)00778309 
035 |9 AAD7743AM 
040 |c WAL  |d TXA  |d UtOrBLW 
049 |a TXAM  |c [462390] 
050 0 |a PQ4615.B6  |b C55 
082 0 |a 851.4 
092 |a 851  |b B943Yc 
100 1 |a Clements, Robert J.  |q (Robert John),  |d 1912-1993. 
245 1 4 |a The poetry of Michelangelo /  |c [by] Robert J. Clements. 
264 1 |a [New York] :  |b New York University Press,  |c 1965. 
300 |a xiii, 368 pages :  |b illustrations, facsimiles ;  |c 25 cm. 
336 |a text  |b txt  |2 rdacontent 
337 |a unmediated  |b n  |2 rdamedia 
338 |a volume  |b nc  |2 rdacarrier 
504 |a Includes bibliographical references. 
600 1 0 |a Michelangelo Buonarroti,  |d 1475-1564. 
999 |a MARS 
999 f f |s 601e6ab0-7d9e-35ff-88d3-05c8d7ac30a9  |i 2e403a21-bef1-3caf-b848-984b7355dff3  |t 0 
952 f f |p normal  |a Texas A&M University  |b College Station  |c Sterling C. Evans Library  |d Evans: Library Stacks  |t 0  |e PQ4615.B6 C55  |h Library of Congress classification  |i unmediated -- volume  |m A14801375439 
998 f f |a PQ4615.B6 C55  |t 0  |l Evans: Library Stacks